Petroleum and gas field processing (Record no. 204)

000 -LEADER
fixed length control field 00684nam a2200241 a 4500
001 - CONTROL NUMBER
control field 204
003 - CONTROL NUMBER IDENTIFIER
control field BD-DhUET
008 - FIXED-LENGTH DATA ELEMENTS--GENERAL INFORMATION
fixed length control field 031014s2003 nyua b 001 0 eng d
020 ## - INTERNATIONAL STANDARD BOOK NUMBER
International Standard Book Number 0824709624
040 ## - CATALOGING SOURCE
Original cataloging agency GAT
Transcribing agency GAT
Modifying agency BD-DhUET
082 00 - DEWEY DECIMAL CLASSIFICATION NUMBER
Classification number 665.53
Item number ABD/2003
100 1# - MAIN ENTRY--PERSONAL NAME
Personal name Abdel-Aal, Hussein K.
245 10 - TITLE STATEMENT
Title Petroleum and gas field processing
Statement of responsibility, etc. by H.K. Abdel-Aal , Mohamed Aggour, M.A. Fahim.
250 ## - EDITION STATEMENT
Edition statement Ist ed.
260 ## - PUBLICATION, DISTRIBUTION, ETC. (IMPRINT)
Place of publication, distribution, etc. New York
Name of publisher, distributor, etc. Marcel Dekker
Date of publication, distribution, etc. 2003
300 ## - PHYSICAL DESCRIPTION
Extent xii, 364 p.
Other physical details ill.
Dimensions 24 cm.
490 1# - SERIES STATEMENT
Series statement Chemical industries
504 ## - BIBLIOGRAPHY, ETC. NOTE
Bibliography, etc Includes bibliographies
650 #0 - SUBJECT ADDED ENTRY--TOPICAL TERM
Topical term or geographic name as entry element Petroleum refineries
700 ## - ADDED ENTRY--PERSONAL NAME
Personal name Aggour, Mohamed
700 1# - ADDED ENTRY--PERSONAL NAME
Personal name Fahim, M. A.
942 ## - ADDED ENTRY ELEMENTS (KOHA)
Koha item type General Book
Holdings
Koha item type Koha date last seen Damaged status Sublocation or collection (holding branch) Date acquired Withdrawn status Lost status Koha normalized classification for sorting Copy number Koha issues (times borrowed) Source of classification or shelving scheme Price effective from Shelving location Koha date last borrowed Not for loan Koha full call number Location (home branch) Piece designation (barcode)
General Book2018-07-10 Central Library, BUET2014-07-16  665_000000000000000_53ABD200311 2014-07-16Circulation section2018-06-23 665.53/ABD/2003Central Library, BUET108140
General Book2014-07-16 Central Library, BUET2014-07-16  665_000000000000000_53ABD20032  2014-07-16Circulation section  665.53/ABD/2003Central Library, BUET108141
Reading Item2015-06-17 Central Library, BUET2015-06-17  665_530000000000000_ABD_20033  2015-06-17Reading section  665.53/ABD/2003Central Library, BUET102389